[Event "21MCRW_F"]
[Site "?"]
[Date "2009.??.??"]
[Round "?"]
[White "Jandovský, Viktor"]
[Black "Contoš, Václav"]
[Result "1/2-1/2"]
[WhiteElo "2347"]
[BlackElo "2472"]
[PlyCount "81"]
[EventDate "2009.??.??"]
[EventType "corr"]
[SourceDate "2004.06.03"]

1. e4 e5 2. Nf3 Nc6 3. Bb5 a6 4. Ba4 Nf6 5. O-O Be7 6. Re1 b5 7. Bb3 d6 8. c3
O-O 9. h3 Nb8 10. d4 Nbd7 11. Nbd2 Bb7 12. Bc2 Re8 13. Nf1 Bf8 14. Ng3 g6 15.
b3 Bg7 16. d5 Nb6 17. Rb1 c6 18. c4 Rc8 19. a4 cxd5 20. cxd5 b4 21. Bd2 a5 22.
Bd3 Re7 23. Rc1 Rxc1 24. Qxc1 Rc7 25. Qb1 Nfd7 26. Rc1 Rxc1+ 27. Bxc1 Qc7 28.
Be3 Bf6 29. Nf1 Bd8 30. N1d2 Kg7 31. Nc4 Nxc4 32. Bxc4 Nb6 33. Bd3 f5 34. Bxb6
Qxb6 35. exf5 Bxd5 36. fxg6 hxg6 37. Bxg6 Bxf3 38. gxf3 Bh4 39. Be4 Qxf2+ 40.
Kh1 Kf6 41. Qg1 1/2-1/2

[Event "21MCRW_F"]
[Site "?"]
[Date "2009.??.??"]
[Round "?"]
[White "Jandovský, Viktor"]
[Black "Cvak, Rudolf"]
[Result "1-0"]
[WhiteElo "2347"]
[BlackElo "2328"]
[PlyCount "97"]
[EventDate "2009.??.??"]
[EventType "corr"]
[SourceDate "2004.06.03"]

1. e4 c5 2. Nf3 d6 3. d4 cxd4 4. Nxd4 Nf6 5. Nc3 g6 6. Be3 Bg7 7. f3 Nc6 8. Qd2
O-O 9. Bc4 Bd7 10. O-O-O Rc8 11. Bb3 Ne5 12. Kb1 Nc4 13. Bxc4 Rxc4 14. g4 b5
15. b3 Rc5 16. Ne6 fxe6 17. Bxc5 dxc5 18. e5 Qa5 19. exf6 Bxf6 20. Ne4 Qxd2 21.
Nxf6+ Rxf6 22. Rxd2 Bc6 23. Rf1 Kf7 24. f4 e5 25. f5 Ke8 26. Rdf2 g5 27. Re1 e4
28. Re3 Rd6 29. Rc3 Rd1+ 30. Kb2 Re1 31. h4 e3 32. Rh2 Bd5 33. hxg5 b4 34. Rxc5
e2 35. Rxe2 Rxe2 36. Rxd5 Re4 37. Ra5 Rxg4 38. f6 exf6 39. gxf6 h6 40. Rxa7 Rf4
41. Rb7 Kf8 42. Kc1 h5 43. Rh7 Rf5 44. Kd2 Kg8 45. Rb7 Rf2+ 46. Kd3 Rf3+ 47.
Ke2 Rf4 48. Rg7+ Kf8 49. Rh7 1-0

[Event "21MCRW_F"]
[Site "?"]
[Date "2009.??.??"]
[Round "?"]
[White "Jandovský, Viktor"]
[Black "Fric, Pavel"]
[Result "1/2-1/2"]
[WhiteElo "2347"]
[BlackElo "2431"]
[PlyCount "61"]
[EventDate "2009.??.??"]
[EventType "corr"]
[SourceDate "2004.06.03"]

1. e4 c5 2. Nf3 d6 3. d4 cxd4 4. Nxd4 Nf6 5. Nc3 a6 6. Be3 e6 7. Be2 Qc7 8. a4
b6 9. f4 Bb7 10. Bf3 Nbd7 11. Qe2 Nc5 12. Bd2 Be7 13. g4 h6 14. h4 g6 15. h5
gxh5 16. gxh5 Rg8 17. O-O-O O-O-O 18. Kb1 d5 19. exd5 exd5 20. Nf5 Rge8 21. Be3
Bf8 22. Rhg1 Kb8 23. Qf2 Nfe4 24. Bxe4 dxe4 25. Bd4 Ka8 26. Be5 Qc6 27. Nd4 Qc8
28. Qe3 Rd7 29. Bf6 Rd6 30. Be5 Rd7 31. Bf6 1/2-1/2

[Event "21MCRW_F"]
[Site "?"]
[Date "2009.??.??"]
[Round "?"]
[White "Jandovský, Viktor"]
[Black "Kýhos, Alois"]
[Result "1/2-1/2"]
[WhiteElo "2347"]
[BlackElo "2457"]
[PlyCount "53"]
[EventDate "2009.??.??"]
[EventType "corr"]
[SourceDate "2004.06.03"]

1. e4 e5 2. Nf3 d6 3. Bc4 Be7 4. d4 exd4 5. Nxd4 Nf6 6. Nc3 O-O 7. Bf4 Re8 8.
O-O Nbd7 9. Re1 Ne5 10. Bb3 c6 11. Qe2 Qc7 12. Rad1 b5 13. h3 b4 14. Nb1 a5 15.
a4 Nfd7 16. Nd2 Nc5 17. Qe3 Bf6 18. Qg3 Bd7 19. N4f3 Be6 20. Bxe6 Rxe6 21. Nd4
Ree8 22. b3 Kh8 23. N4f3 Rad8 24. Nxe5 Bxe5 25. Nc4 Bxf4 26. Qxf4 Re6 27. f3
1/2-1/2

[Event "21MCRW_F"]
[Site "?"]
[Date "2009.??.??"]
[Round "?"]
[White "Jandovský, Viktor"]
[Black "Pravec, Ladislav"]
[Result "1/2-1/2"]
[WhiteElo "2347"]
[BlackElo "2328"]
[PlyCount "52"]
[EventDate "2009.??.??"]
[EventType "corr"]
[SourceDate "2004.06.03"]

1. e4 c5 2. Nf3 Nc6 3. d4 cxd4 4. Nxd4 Nf6 5. Nc3 e5 6. Ndb5 d6 7. Bg5 a6 8.
Na3 b5 9. Nd5 Be7 10. Bxf6 Bxf6 11. c3 O-O 12. Nc2 Bg5 13. a4 bxa4 14. Rxa4 Ne7
15. Bc4 a5 16. O-O Nxd5 17. Bxd5 Bd7 18. Ra2 Rc8 19. Qd3 Rc5 20. Rd1 g6 21. g3
Qc7 22. h4 Bh6 23. Ra3 Kg7 24. Ba2 Bg4 25. f3 Bc8 26. Qxd6 Qxd6 1/2-1/2

[Event "21MCRW_F"]
[Site "?"]
[Date "2009.??.??"]
[Round "?"]
[White "Jandovský, Viktor"]
[Black "Sýkora, Josef"]
[Result "1/2-1/2"]
[WhiteElo "2347"]
[BlackElo "2373"]
[PlyCount "90"]
[EventDate "2009.??.??"]
[EventType "corr"]
[SourceDate "2004.06.03"]

1. e4 e5 2. Nf3 Nc6 3. Bb5 a6 4. Ba4 Nf6 5. O-O Be7 6. Re1 b5 7. Bb3 O-O 8. c3
d6 9. h3 Na5 10. Bc2 c5 11. d4 Qc7 12. Nbd2 cxd4 13. cxd4 Nc6 14. a3 Bd7 15.
Nb3 Rfc8 16. Be3 a5 17. Rc1 a4 18. Nbd2 Qb7 19. Qe2 Rc7 20. Bd3 Rb8 21. Rc2 h6
22. Rec1 Bd8 23. Nf1 Rcc8 24. Ng3 Bb6 25. Bxb5 Nxd4 26. Bxd4 Bxb5 27. Qxb5 Rxc2
28. Rxc2 exd4 29. Qd3 h5 30. Re2 g6 31. Nxd4 h4 32. Nf1 Nh5 33. Rd2 Nf4 34. Qf3
Bxd4 35. Qxf4 Be5 36. Qxh4 Qc6 37. Ne3 Qc1+ 38. Rd1 Qxb2 39. Nd5 Qc2 40. Qg4
Rb1 41. Ne3 Rxd1+ 42. Nxd1 Qc1 43. Qf3 Bb2 44. e5 dxe5 45. Qa8+ Kg7 1/2-1/2

[Event "21MCRW_F"]
[Site "?"]
[Date "2009.??.??"]
[Round "?"]
[White "Jirku, Jaroslav"]
[Black "Blecha, Miroslav"]
[Result "1/2-1/2"]
[WhiteElo "2332"]
[BlackElo "2387"]
[PlyCount "48"]
[EventDate "2009.??.??"]
[EventType "corr"]
[SourceDate "2004.06.03"]

1. e4 c5 2. Nf3 e6 3. d4 cxd4 4. Nxd4 Nf6 5. Nc3 d6 6. g4 h6 7. Rg1 Nc6 8. h4
d5 9. Bb5 Bd7 10. exd5 Nxd5 11. Nxd5 exd5 12. Be3 Be7 13. g5 hxg5 14. hxg5 Rh4
15. Nb3 Qc7 16. Bxc6 Qxc6 17. Qd2 Rc8 18. c3 b5 19. Nd4 Qc4 20. a3 a5 21. Qe2
b4 22. Qxc4 dxc4 23. axb4 axb4 24. Kd2 Rd8 1/2-1/2

[Event "21MCRW_F"]
[Site "?"]
[Date "2009.??.??"]
[Round "?"]
[White "Jirku, Jaroslav"]
[Black "Bucek, Jirí"]
[Result "1/2-1/2"]
[WhiteElo "2332"]
[BlackElo "2379"]
[PlyCount "97"]
[EventDate "2009.??.??"]
[EventType "corr"]
[SourceDate "2004.06.03"]

1. e4 e5 2. Nf3 Nf6 3. Nxe5 d6 4. Nf3 Nxe4 5. d4 d5 6. Bd3 Nc6 7. O-O Be7 8. c4
Nb4 9. Be2 O-O 10. a3 Nc6 11. cxd5 Qxd5 12. Nc3 Nxc3 13. bxc3 Bf5 14. c4 Qd6
15. Be3 Bf6 16. Ra2 Rfe8 17. d5 Ne7 18. Qb3 b6 19. Rd1 Be4 20. Nd2 Nf5 21. Nxe4
Rxe4 22. Bd3 Nxe3 23. Bxe4 Nxd1 24. Qxd1 g6 25. Qd3 Qe5 26. Qe2 Kf8 27. Bf3 Qc3
28. Qd2 Re8 29. Qxc3 Bxc3 30. Be2 Ke7 31. Rc2 Kd6 32. Kf1 Bd4 33. Rd2 Kc5 34.
Rd3 Re4 35. Rf3 f5 36. Rh3 Re7 37. Rd3 Be5 38. Rb3 a6 39. h3 Bd6 40. g4 f4 41.
h4 Re4 42. Rc3 f3 43. Bxf3 Rxc4 44. Rxc4+ Kxc4 45. a4 a5 46. Ke1 Bf4 47. h5
gxh5 48. gxh5 Kb4 49. Bd1 1/2-1/2

[Event "21MCRW_F"]
[Site "?"]
[Date "2009.??.??"]
[Round "?"]
[White "Jirku, Jaroslav"]
[Black "Contoš, Václav"]
[Result "1/2-1/2"]
[WhiteElo "2332"]
[BlackElo "2472"]
[PlyCount "157"]
[EventDate "2009.??.??"]
[EventType "corr"]
[SourceDate "2004.06.03"]

1. e4 e5 2. Nf3 Nc6 3. Bb5 a6 4. Ba4 Nf6 5. O-O Be7 6. Re1 b5 7. Bb3 d6 8. c3
O-O 9. h3 Nb8 10. d4 Nbd7 11. Nbd2 Bb7 12. Bc2 Re8 13. Nf1 Bf8 14. Bg5 h6 15.
Bh4 exd4 16. cxd4 c5 17. d5 g6 18. Bg3 Nh5 19. Bh2 c4 20. b3 c3 21. b4 Nb6 22.
Nd4 Bg7 23. Nb3 Rc8 24. Na5 Ba8 25. Ne3 Nf6 26. f3 Qc7 27. Kh1 h5 28. Qd3 h4
29. Qf1 Nh5 30. Qf2 Qe7 31. Rad1 Qd8 32. a3 Nd7 33. Ng4 Ne5 34. Ne3 Nd7 35. a4
Bh6 36. axb5 axb5 37. f4 Bg7 38. Bd3 Bd4 39. Bc2 Bg7 40. Qf3 Qb6 41. Bd3 Bd4
42. Bc2 Bg7 43. Rf1 Qc7 44. f5 Ne5 45. Qe2 Qd7 46. fxg6 fxg6 47. Nf5 Bf6 48.
Nd4 Bg7 49. Nxb5 Ng3+ 50. Bxg3 hxg3 51. Nd4 Rf8 52. Ne6 Rxf1+ 53. Rxf1 Bh6 54.
b5 Qa7 55. Nc6 Bxc6 56. dxc6 Kh7 57. Qd1 Bd2 58. Qb1 Qe7 59. Bb3 Qa7 60. c7 Qe3
61. Nf4 Kg7 62. Qd1 Qb6 63. Ne6+ Kh6 64. Qe2 Rxc7 65. Nxc7 Qxc7 66. Rf8 Kh7 67.
Qf1 c2 68. b6 Qxb6 69. Bxc2 Bh6 70. Rc8 Qf2 71. Qd1 Be3 72. Bb3 Qf4 73. Bg8+
Kh6 74. Bd5 Bc5 75. Rh8+ Kg7 76. Re8 Qe3 77. Qf1 Qf2 78. Qb1 Bd4 79. Re7+
1/2-1/2

[Event "21MCRW_F"]
[Site "?"]
[Date "2009.??.??"]
[Round "?"]
[White "Jirku, Jaroslav"]
[Black "Fric, Pavel"]
[Result "1/2-1/2"]
[WhiteElo "2332"]
[BlackElo "2431"]
[PlyCount "125"]
[EventDate "2009.??.??"]
[EventType "corr"]
[SourceDate "2004.06.03"]

1. e4 c6 2. d4 d5 3. Nc3 dxe4 4. Nxe4 Nd7 5. Nf3 Ngf6 6. Ng3 e6 7. Bd3 c5 8.
O-O Be7 9. Qe2 O-O 10. Rd1 Qc7 11. c4 cxd4 12. Nxd4 a6 13. b3 Re8 14. Bb2 b6
15. Nf3 Bb7 16. a3 Rad8 17. Ng5 Nf8 18. N5e4 N6d7 19. Bc2 g6 20. Nc3 f5 21. b4
Bf6 22. Bb3 h5 23. Nf1 h4 24. h3 g5 25. Ne3 Ng6 26. Qc2 Nf4 27. c5 bxc5 28.
Qxf5 c4 29. Rxd7 exf5 30. Rxc7 cxb3 31. Rxb7 Bxc3 32. Rb1 Ne2+ 33. Kh2 Bxb2 34.
Rxb2 Nd4 35. Rb1 f4 36. Ng4 Rd6 37. a4 Re2 38. b5 axb5 39. Rc1 Rc2 40. Re1 Re6
41. Rxe6 Nxe6 42. Rxb5 b2 43. a5 Nc5 44. Ne5 Rxf2 45. a6 Nxa6 46. Nd3 Rc2 47.
Rxb2 Rxb2 48. Nxb2 Nb4 49. Kg1 Nc6 50. Nc4 Kf7 51. Nd2 Nd4 52. Kf2 Kg6 53. Nc4
Kf6 54. Nd6 Ke5 55. Nf7+ Kf5 56. Nd6+ Kf6 57. Ne4+ Kg6 58. Nd6 Kh5 59. Nc4 g4
60. hxg4+ Kxg4 61. Ne5+ Kh5 62. Nf7 Kg6 63. Ne5+ 1/2-1/2

[Event "21MCRW_F"]
[Site "?"]
[Date "2009.??.??"]
[Round "?"]
[White "Jirku, Jaroslav"]
[Black "Jandovský, Viktor"]
[Result "1-0"]
[WhiteElo "2332"]
[BlackElo "2347"]
[PlyCount "75"]
[EventDate "2009.??.??"]
[EventType "corr"]
[SourceDate "2004.06.03"]

1. e4 e6 2. d4 d5 3. Nc3 Bb4 4. e5 c5 5. a3 Bxc3+ 6. bxc3 Ne7 7. Nf3 Qc7 8. a4
b6 9. Bb5+ Bd7 10. Bd3 Nbc6 11. O-O h6 12. Ba3 Na5 13. Nd2 O-O 14. dxc5 bxc5
15. Nb3 Nxb3 16. cxb3 Rab8 17. f4 Rfc8 18. Bc2 Qb6 19. Rf2 Nf5 20. Bc1 a5 21.
g4 Nh4 22. Qd3 Ng6 23. Qg3 c4 24. Be3 Qc7 25. bxc4 Qxc4 26. Bd4 Rb2 27. Raf1
Qa2 28. Bb1 Qxb1 29. Rxb1 Rxb1+ 30. Kg2 Bxa4 31. f5 Nf8 32. f6 Rd1 33. fxg7 Ng6
34. Qe3 Kxg7 35. Rb2 Rd3 36. Qf2 Bd1 37. Qf6+ Kg8 38. Rf2 1-0

[Event "21MCRW_F"]
[Site "?"]
[Date "2009.??.??"]
[Round "?"]
[White "Jirku, Jaroslav"]
[Black "Sýkora, Josef"]
[Result "1/2-1/2"]
[WhiteElo "2332"]
[BlackElo "2373"]
[PlyCount "59"]
[EventDate "2009.??.??"]
[EventType "corr"]
[SourceDate "2004.06.03"]

1. e4 e5 2. Nf3 Nc6 3. Bb5 a6 4. Ba4 Nf6 5. O-O Be7 6. Re1 b5 7. Bb3 O-O 8. c3
d6 9. h3 Na5 10. Bc2 c5 11. d4 cxd4 12. cxd4 Bb7 13. Nbd2 exd4 14. Nxd4 Re8 15.
b4 Nc6 16. Nxc6 Bxc6 17. Bb2 Nd7 18. Nb3 Bf6 19. Bxf6 Qxf6 20. Nd4 Ne5 21. a4
Rac8 22. Bd3 Nxd3 23. Qxd3 Qe5 24. Rac1 Bd7 25. Rxc8 Rxc8 26. axb5 Bxb5 27. Qd2
Rc4 28. Nf5 Rxe4 29. Rxe4 Qxe4 30. Nxd6 1/2-1/2

[Event "21MCRW_F"]
[Site "?"]
[Date "2009.??.??"]
[Round "?"]
[White "Jirku, Jaroslav"]
[Black "Volek, Stanislav"]
[Result "1/2-1/2"]
[WhiteElo "2332"]
[BlackElo "2308"]
[PlyCount "57"]
[EventDate "2009.??.??"]
[EventType "corr"]
[SourceDate "2004.06.03"]

1. e4 e6 2. d4 d5 3. Nc3 Bb4 4. e5 c5 5. a3 Bxc3+ 6. bxc3 Ne7 7. Qg4 cxd4 8.
Qxg7 Rg8 9. Qxh7 Qc7 10. Ne2 Nbc6 11. f4 Bd7 12. Qd3 dxc3 13. Qxc3 Nf5 14. Rb1
O-O-O 15. Rg1 d4 16. Qd3 f6 17. g4 Nh4 18. exf6 e5 19. f7 Rg7 20. f5 Rxf7 21.
Rg3 e4 22. Qb3 d3 23. Qxf7 Ne5 24. Qd5 Bc6 25. Qe6+ Bd7 26. Qd5 Bc6 27. Qe6+
Bd7 28. Qd5 Bc6 29. Qe6+ 1/2-1/2

[Event "21MCRW_F"]
[Site "?"]
[Date "2009.??.??"]
[Round "?"]
[White "Kuta, Jirí"]
[Black "Blecha, Miroslav"]
[Result "1/2-1/2"]
[WhiteElo "2438"]
[BlackElo "2387"]
[PlyCount "73"]
[EventDate "2009.??.??"]
[EventType "corr"]
[SourceDate "2004.06.03"]

1. d4 Nf6 2. c4 e6 3. Nf3 b6 4. g3 Ba6 5. b3 Bb4+ 6. Bd2 Be7 7. Bg2 c6 8. Bc3
d5 9. Nbd2 Nbd7 10. O-O O-O 11. Re1 c5 12. e4 Nxe4 13. Nxe4 dxe4 14. Rxe4 Bb7
15. Re2 Bf6 16. Rd2 Qe7 17. Qe2 Rad8 18. Rad1 Ba8 19. Qe3 h6 20. h4 Rfe8 21.
Ba1 Nf8 22. Ne5 Bxe5 23. Qxe5 f6 24. Qe2 Bxg2 25. Kxg2 cxd4 26. Bxd4 e5 27. Be3
Ne6 28. Rd5 Rxd5 29. Rxd5 Rd8 30. Qf3 Rd7 31. a4 Kf8 32. h5 Nd4 33. Bxd4 exd4
34. Kf1 Rd8 35. g4 Rxd5 36. Qxd5 Qb4 37. Qd8+ 1/2-1/2

[Event "21MCRW_F"]
[Site "?"]
[Date "2009.??.??"]
[Round "?"]
[White "Kuta, Jirí"]
[Black "Izing, Štefan"]
[Result "1/2-1/2"]
[WhiteElo "2438"]
[BlackElo "2113"]
[PlyCount "143"]
[EventDate "2009.??.??"]
[EventType "corr"]
[SourceDate "2004.06.03"]

1. d4 d5 2. c4 c6 3. Nf3 Nf6 4. Nc3 dxc4 5. a4 Bf5 6. Ne5 e6 7. f3 Bb4 8. e4
Bxe4 9. fxe4 Nxe4 10. Bd2 Qxd4 11. Nxe4 Qxe4+ 12. Qe2 Bxd2+ 13. Kxd2 Qd5+ 14.
Kc2 Na6 15. Nxc4 O-O 16. Qe5 Rab8 17. a5 Rfd8 18. Be2 f6 19. Qxd5 cxd5 20. Nd2
Rbc8+ 21. Kb1 e5 22. Ra3 Kf7 23. Rh3 h6 24. Bg4 Rc7 25. Rf1 Re7 26. Nb3 d4 27.
Bf5 Nb4 28. Be4 Nd5 29. Rf2 Ne3 30. Nc5 b6 31. axb6 axb6 32. Nd3 Ke6 33. Rg3
Rf8 34. Rg6 Rc8 35. Nb4 Rc5 36. Nc2 Nc4 37. Rg3 Ra5 38. Re2 Rc7 39. h4 Nd6 40.
Bh7 Kd5 41. Rd3 Rc8 42. Rd1 Kc6 43. Bd3 Kd7 44. g4 Re8 45. Rde1 Rh8 46. Nxd4
exd4 47. Re7+ Kc6 48. Rxg7 Re5 49. Rf1 Rf8 50. Rg6 h5 51. g5 f5 52. Rh6 Kd5 53.
Rxh5 Re3 54. Rd1 b5 55. Rh6 Rg3 56. Bf1 f4 57. Rg6 f3 58. h5 Rg1 59. h6 f2 60.
h7 Rh8 61. Rf6 Ne4 62. Rf7 Rxg5 63. Kc2 Rg3 64. Rd7+ Nd6 65. Rd2 Rf8 66. Kd1 d3
67. Rxf2 Rxf2 68. h8=Q Rxf1+ 69. Kd2 Rf2+ 70. Ke1 Rgf3 71. Kd1 Kc6 72. Rxd6+
1/2-1/2

[Event "21MCRW_F"]
[Site "?"]
[Date "2009.??.??"]
[Round "?"]
[White "Kuta, Jirí"]
[Black "Jandovský, Viktor"]
[Result "1/2-1/2"]
[WhiteElo "2438"]
[BlackElo "2347"]
[PlyCount "77"]
[EventDate "2009.??.??"]
[EventType "corr"]
[SourceDate "2004.06.03"]

1. d4 Nf6 2. c4 e6 3. Nf3 b6 4. g3 Ba6 5. b3 Bb4+ 6. Bd2 Be7 7. Bg2 c6 8. Bc3
d5 9. O-O O-O 10. Re1 Ne4 11. Nfd2 Nxc3 12. Nxc3 f5 13. e3 Nd7 14. Ne2 Bd6 15.
Qc2 Qe7 16. a4 Nf6 17. Nf4 Ne4 18. Nf3 Bb7 19. Nd3 a5 20. Nfe5 c5 21. Qb2 Rac8
22. Rad1 Rfd8 23. Re2 Ng5 24. Rc2 Rc7 25. Qa1 Rdc8 26. dxc5 bxc5 27. Qc3 Ra8
28. f3 Qf6 29. h4 Ne4 30. fxe4 dxe4 31. Nd7 Qxc3 32. Rxc3 exd3 33. Rcxd3 Be7
34. Bxb7 Rxb7 35. Kg2 Kf7 36. Kf3 Ke8 37. Ne5 Ra6 38. Nd7 Raa7 39. Ne5 1/2-1/2

[Event "21MCRW_F"]
[Site "?"]
[Date "2009.??.??"]
[Round "?"]
[White "Kuta, Jirí"]
[Black "Jirku, Jaroslav"]
[Result "1/2-1/2"]
[WhiteElo "2438"]
[BlackElo "2332"]
[PlyCount "67"]
[EventDate "2009.??.??"]
[EventType "corr"]
[SourceDate "2004.06.03"]

1. d4 d5 2. c4 e6 3. Nf3 Nf6 4. Nc3 c6 5. Bg5 h6 6. Bh4 dxc4 7. e4 g5 8. Bg3 b5
9. Be2 Nbd7 10. d5 cxd5 11. exd5 Nb6 12. dxe6 Qxd1+ 13. Rxd1 Bxe6 14. Nd4 a6
15. Be5 Bg7 16. Ne4 Nxe4 17. Bxg7 Rg8 18. Nxe6 fxe6 19. Bxh6 Nd5 20. h4 gxh4
21. Rxh4 Nc5 22. g3 Rd8 23. Rh5 Rc8 24. Kf1 Kf7 25. Rh4 Rcd8 26. Rd2 Ke7 27.
Bf3 Nd3 28. Re2 Kf7 29. Bg4 Rd6 30. Bd2 Nf6 31. Bh3 Re8 32. Kg2 Rc8 33. a3 Re8
34. Bc3 1/2-1/2

[Event "21MCRW_F"]
[Site "?"]
[Date "2009.??.??"]
[Round "?"]
[White "Kuta, Jirí"]
[Black "Sýkora, Josef"]
[Result "1/2-1/2"]
[WhiteElo "2438"]
[BlackElo "2373"]
[PlyCount "64"]
[EventDate "2009.??.??"]
[EventType "corr"]
[SourceDate "2004.06.03"]

1. d4 d5 2. c4 c6 3. Nf3 Nf6 4. Nc3 e6 5. Bg5 dxc4 6. e4 b5 7. e5 h6 8. Bh4 g5
9. Nxg5 hxg5 10. Bxg5 Nbd7 11. exf6 Bb7 12. g3 c5 13. d5 Qb6 14. Bg2 O-O-O 15.
O-O b4 16. Rb1 Qa6 17. dxe6 Bxg2 18. e7 Bxf1 19. Kxf1 Bxe7 20. fxe7 Rdg8 21.
Ne4 c3+ 22. Kg1 Rxg5 23. Nxg5 Qg6 24. bxc3 Qxg5 25. Qe2 Qe5 26. Qa6+ Kb8 27.
Qb5+ Kc7 28. Qa5+ Kb7 29. Qd8 Nb6 30. cxb4 c4 31. Qf8 Nc8 32. Qxf7 Qxe7 1/2-1/2

[Event "21MCRW_F"]
[Site "?"]
[Date "2009.??.??"]
[Round "?"]
[White "Kuta, Jirí"]
[Black "Valák, Alois"]
[Result "1/2-1/2"]
[WhiteElo "2438"]
[BlackElo "2370"]
[PlyCount "95"]
[EventDate "2009.??.??"]
[EventType "corr"]
[SourceDate "2004.06.03"]

1. d4 Nf6 2. c4 e6 3. Nf3 b6 4. g3 Ba6 5. b3 Bb4+ 6. Bd2 Be7 7. Bg2 d5 8. Ne5
Bb7 9. O-O O-O 10. Nc3 Nbd7 11. cxd5 Nxd5 12. Nxd5 exd5 13. Nd3 Re8 14. b4 Nf6
15. Rc1 Bd6 16. a4 c6 17. Re1 Ne4 18. Bf4 a5 19. Bxd6 Nxd6 20. Qb3 axb4 21.
Qxb4 g6 22. e3 Ra5 23. Rc2 Re7 24. Nc1 Nc4 25. Nb3 Ra7 26. Nd2 b5 27. axb5 cxb5
28. Nb3 Bc6 29. Nc5 Rec7 30. Rcc1 Qa8 31. Red1 Ra2 32. Rb1 Kg7 33. Nd3 Qc8 34.
h4 Ra4 35. Qe1 Qd8 36. Qe2 h5 37. Qf3 Rc8 38. Nb4 Bb7 39. Qf4 Na3 40. Rb3 Nc4
41. Nd3 Ra5 42. Rdb1 Qe8 43. Rb4 Bc6 44. Rd1 Qe7 45. Rbb1 Rd8 46. Nb4 Bb7 47.
Rb3 Rd6 48. Qg5 1/2-1/2

[Event "21MCRW_F"]
[Site "?"]
[Date "2009.??.??"]
[Round "?"]
[White "Kuta, Jirí"]
[Black "Volek, Stanislav"]
[Result "1/2-1/2"]
[WhiteElo "2438"]
[BlackElo "2308"]
[PlyCount "89"]
[EventDate "2009.??.??"]
[EventType "corr"]
[SourceDate "2004.06.03"]

1. d4 e6 2. e4 d5 3. Nc3 Bb4 4. e5 c5 5. a3 Bxc3+ 6. bxc3 Ne7 7. Qg4 cxd4 8.
Qxg7 Rg8 9. Qxh7 Qc7 10. Ne2 Nbc6 11. f4 Bd7 12. Qd3 dxc3 13. Qxc3 Nf5 14. Rb1
O-O-O 15. Rg1 d4 16. Qd3 f6 17. g4 Nh4 18. exf6 e5 19. f7 Rxg4 20. Rxg4 Bxg4
21. Bh3 Qd7 22. Bxg4 Qxg4 23. Qg3 Qh5 24. Qh3+ Kc7 25. Rb3 e4 26. f5 e3 27.
Bxe3 dxe3 28. Rxe3 Qxf7 29. Qxh4 Qxf5 30. Qf4+ Qxf4 31. Nxf4 Nd4 32. Kd2 Kc6
33. Kc3 Nb5+ 34. Kb2 Nd6 35. Rh3 Nc4+ 36. Ka2 Rd4 37. Nd3 a5 38. Kb3 Re4 39.
Rh5 b5 40. a4 bxa4+ 41. Kxa4 Nb2+ 42. Kb3 Nxd3 43. cxd3 a4+ 44. Kc3 Re2 45. Ra5
1/2-1/2

[Event "21MCRW_F"]
[Site "?"]
[Date "2009.??.??"]
[Round "?"]
[White "Kýhos, Alois"]
[Black "Cvak, Rudolf"]
[Result "1/2-1/2"]
[WhiteElo "2457"]
[BlackElo "2328"]
[PlyCount "49"]
[EventDate "2009.??.??"]
[EventType "corr"]
[SourceDate "2004.06.03"]

1. e4 c5 2. c3 Nf6 3. e5 Nd5 4. Nf3 Nc6 5. Bc4 Nb6 6. Bb3 c4 7. Bc2 Qc7 8. Qe2
g5 9. h3 Bg7 10. O-O h5 11. Nxg5 Qxe5 12. Qe3 Qxe3 13. dxe3 d5 14. Na3 a6 15.
Rb1 Bd7 16. e4 d4 17. b3 dxc3 18. bxc4 Nc8 19. f4 Nd4 20. Bd3 f6 21. Nf3 Nxf3+
22. Rxf3 Bc6 23. Rg3 Kf7 24. c5 h4 25. Rg4 1/2-1/2

[Event "21MCRW_F"]
[Site "?"]
[Date "2009.??.??"]
[Round "?"]
[White "Kýhos, Alois"]
[Black "Hladecek, Miloslav"]
[Result "1/2-1/2"]
[WhiteElo "2457"]
[BlackElo "2422"]
[PlyCount "94"]
[EventDate "2009.??.??"]
[EventType "corr"]
[SourceDate "2004.06.03"]

1. e4 e6 2. d4 d5 3. Nc3 Nf6 4. Bg5 dxe4 5. Nxe4 Nbd7 6. Nf3 Be7 7. Nxf6+ Bxf6
8. h4 h6 9. Bxf6 Qxf6 10. Qd2 a6 11. O-O-O b5 12. Rh3 Bb7 13. Ne5 Rd8 14. f4
Nxe5 15. fxe5 Qe7 16. Bd3 O-O 17. g4 c5 18. dxc5 Qxc5 19. Qe2 Rd4 20. Kb1 Rfd8
21. Rf1 g6 22. Qf2 Qc7 23. Re3 Rxg4 24. Rg3 Rxg3 25. Qxg3 Rd5 26. Re1 Rd7 27.
Bxg6 fxg6 28. Qxg6+ Rg7 29. Qxe6+ Qf7 30. Qxh6 Be4 31. Qe3 Qc4 32. Rc1 b4 33.
e6 Qxe6 34. Ka1 Qd5 35. c3 bxc3 36. Qxc3 Kh7 37. h5 Rd7 38. Qe3 a5 39. Qb3 Qd4
40. a3 a4 41. Qc3 Qxc3 42. bxc3 Rd3 43. Re1 Bd5 44. Re7+ Kh6 45. Rd7 Kxh5 46.
Kb2 Bc4 47. Rxd3 Bxd3 1/2-1/2

[Event "21MCRW_F"]
[Site "?"]
[Date "2009.??.??"]
[Round "?"]
[White "Kýhos, Alois"]
[Black "Izing, Štefan"]
[Result "0-1"]
[WhiteElo "2457"]
[BlackElo "2113"]
[PlyCount "96"]
[EventDate "2009.??.??"]
[EventType "corr"]
[SourceDate "2004.06.03"]

1. e4 e5 2. Nf3 Nc6 3. Nc3 Nf6 4. Bb5 Bb4 5. O-O O-O 6. d3 d6 7. Bg5 Bxc3 8.
bxc3 Qe7 9. Re1 h6 10. Bh4 a6 11. Ba4 Nd8 12. Nd2 Ne6 13. Nf1 g5 14. Bg3 h5 15.
f3 h4 16. Bf2 c6 17. Ne3 Nf4 18. Bb3 Be6 19. d4 Rab8 20. c4 Rfd8 21. Rb1 b5 22.
Qd2 Ne8 23. c3 Nf6 24. cxb5 axb5 25. c4 bxc4 26. Nxc4 Bxc4 27. Bxc4 Nd7 28. Bb3
exd4 29. Bxd4 Ne5 30. Qc3 Qf6 31. Kh1 c5 32. Bxe5 dxe5 33. Rf1 Qe7 34. Rbc1
Rbc8 35. Bc4 Rd4 36. a4 Rb8 37. Bb5 h3 38. g3 Ne6 39. Qe3 Kg7 40. Rf2 c4 41.
Rcf1 Rc8 42. Rc2 Rc7 43. f4 exf4 44. gxf4 Rd3 45. Qe1 Nxf4 46. Rxc4 Rxc4 47.
Bxc4 Ra3 48. Bb5 Qe5 0-1

[Event "21MCRW_F"]
[Site "?"]
[Date "2009.??.??"]
[Round "?"]
[White "Kýhos, Alois"]
[Black "Jirku, Jaroslav"]
[Result "1/2-1/2"]
[WhiteElo "2457"]
[BlackElo "2332"]
[PlyCount "57"]
[EventDate "2009.??.??"]
[EventType "corr"]
[SourceDate "2004.06.03"]

1. e4 c5 2. c3 Nf6 3. e5 Nd5 4. Nf3 Nc6 5. Bc4 Nb6 6. Bb3 g6 7. d4 cxd4 8. cxd4
Bg7 9. O-O O-O 10. Bf4 d5 11. h3 Bf5 12. Qd2 a5 13. Na3 Qd7 14. Rac1 Rfc8 15.
Bh6 Nb4 16. Rc3 Na4 17. Rxc8+ Rxc8 18. Bxg7 Kxg7 19. g4 Be6 20. Ng5 Nb6 21. f4
f6 22. Nxe6+ Qxe6 23. f5 Qd7 24. g5 fxe5 25. f6+ Kh8 26. dxe5 Qxh3 27. fxe7
Qg3+ 28. Kh1 Qh3+ 29. Kg1 1/2-1/2

[Event "21MCRW_F"]
[Site "?"]
[Date "2009.??.??"]
[Round "?"]
[White "Kýhos, Alois"]
[Black "Kuta, Jirí"]
[Result "1/2-1/2"]
[WhiteElo "2457"]
[BlackElo "2438"]
[PlyCount "102"]
[EventDate "2009.??.??"]
[EventType "corr"]
[SourceDate "2004.06.03"]

1. e4 c5 2. c3 Nf6 3. e5 Nd5 4. Nf3 Nc6 5. Bc4 Nb6 6. Bb3 c4 7. Bc2 Qc7 8. Qe2
g5 9. e6 dxe6 10. Nxg5 Qe5 11. d4 cxd3 12. Bxd3 Qxe2+ 13. Bxe2 h6 14. Ne4 e5
15. a4 Rg8 16. O-O Be6 17. a5 Nd5 18. a6 b6 19. Bb5 Bd7 20. Rd1 Nc7 21. Bc4 Rd8
22. Nbd2 Be6 23. Be2 f5 24. Ng3 Bg7 25. Re1 Kd7 26. Bc4 Bf6 27. Bxe6+ Kxe6 28.
Ndf1 Rh8 29. f4 h5 30. Ne3 h4 31. Ne2 e4 32. g4 fxg4 33. Nxg4 Nb5 34. Kf2 Nd6
35. h3 Rhf8 36. Be3 Bh8 37. Rad1 Nc4 38. Bc1 Rxd1 39. Rxd1 Nd6 40. b4 Rc8 41.
Bd2 Nb8 42. Ra1 Bg7 43. Ne3 Rd8 44. Rg1 Kf7 45. Ra1 e6 46. Ra2 Rc8 47. Be1 Nf5
48. Nxf5 exf5 49. Kf1 Bf6 50. Bf2 Nd7 51. Rd2 Ke6 1/2-1/2

[Event "21MCRW_F"]
[Site "?"]
[Date "2009.??.??"]
[Round "?"]
[White "Kýhos, Alois"]
[Black "Pravec, Ladislav"]
[Result "1/2-1/2"]
[WhiteElo "2457"]
[BlackElo "2328"]
[PlyCount "54"]
[EventDate "2009.??.??"]
[EventType "corr"]
[SourceDate "2004.06.03"]

1. e4 c5 2. c3 d5 3. exd5 Qxd5 4. d4 Nf6 5. Nf3 e6 6. Na3 Bd7 7. Nb5 Na6 8. Be2
cxd4 9. Qxd4 Qxd4 10. Nfxd4 Be7 11. Bf4 O-O 12. Bf3 Nc5 13. O-O-O Rad8 14. Bc7
Nce4 15. Rhe1 Nxf2 16. Bxd8 Rxd8 17. Rd2 N6g4 18. Kc2 a6 19. Na3 Bg5 20. Rxf2
Nxf2 21. Re2 Bf6 22. Rxf2 e5 23. Ne2 Bf5+ 24. Kb3 e4 25. Bh5 g6 26. Kc2 Bh4 27.
g3 Bg5 1/2-1/2